| 000 | 00783cab a2200241 4500 | ||
|---|---|---|---|
| 001 | ABS46924 | ||
| 008 | 090401t1992 xxu||||| |||| 00| 0 eng d | ||
| 035 | _a(Sirsi) u60144 | ||
| 041 | _aeng | ||
| 100 | _aHall, J.G. | ||
| 245 | _aExpert witnesses | ||
| 260 | _c1992 | ||
| 350 | _a0 | ||
| 490 |
_aNew Law Journal _v142(6564) 7 August 1992, 1135-1136(2) |
||
| 520 | _aConsiders the role of the expert witness against calls for greater use of court appointed experts to overcome the inherent bias of the system and opportunities to mislead the court. | ||
| 650 | _aCOURT APPOINTED EXPERTS | ||
| 650 | _aEXPERT WITNESSES | ||
| 690 | _aLAW | ||
| 690 | _aMANAGEMENT-BUSINESS MANAGEMENT-PROFESSIONAL PRACTICE | ||
| 700 | _aSmith, G.D. | ||
| 942 | _n0 | ||
| 948 | _c04/03/1997 | ||
| 999 |
_c37050 _d37050 |
||